000 01050cam a22003133a 4500
001 6542
003 PGUSA
005 20140828083134.0
008 040901s2004||||xxu|||||s|||||000 1 eng d
040 _aPGUSA
_beng
042 _adc
050 4 _aPR
100 1 _aShelley, Mary Wollstonecraft,
_d1797-1851
245 1 0 _aFrankenstein
_h[electronic resource] /
_cMary Wollstonecraft Shelley
260 _bProject Gutenberg,
_c2004
500 _aThis audio eBook is missing files/chapters 13, 14 and 21.
506 _aCopyrighted. Read the copyright notice inside this book for details.
516 _aElectronic text
653 _aScientists -- Fiction
653 _aScience fiction
653 _aFrankenstein's monster (Fictitious character) -- Fiction
653 _aGothic fiction (Literary genre)
653 _aFrankenstein, Victor (Fictitious character) -- Fiction
653 _aMonsters -- Fiction
653 _aHorror tales
830 0 _aProject Gutenberg
_v6542
856 4 0 _uhttp://www.gutenberg.org/ebooks/6542
942 _cAB
999 _c235864
_d235864